|
|
|
|
| LEADER |
00664nam a22001817a 4500 |
| 008 |
150407b xxu||||| |||| 00| 0 eng d |
| 020 |
|
|
|a 9788184233667
|
| 082 |
|
|
|a 894.13 LYO
|
| 100 |
|
|
|a ലിയോണ്സ്, ജോസെ
|
| 240 |
|
|
|a Dhaivakanikakal
|
| 245 |
|
|
|a ദൈവകണികകള്/
|c ജോസെ ലിയോണ്സ്
|
| 250 |
|
|
|a 1st ed.
|
| 260 |
|
|
|a തൃശൂര്:
|c 2014.
|
| 300 |
|
|
|a 159p.
|
| 700 |
|
|
|a Lyons, Josse
|
| 942 |
|
|
|2 ddc
|c BK
|
| 999 |
|
|
|c 10721
|d 10721
|
| 952 |
|
|
|0 0
|1 0
|2 ddc
|4 0
|6 894_130000000000000_LYO
|7 0
|9 15233
|a MAIN
|b MAIN
|d 2015-04-07
|e Green Books
|g 140.00
|l 7
|o 894.13 LYO
|p 15542
|r 2017-09-28
|s 2017-08-30
|w 2015-04-07
|y BK
|